Exploring the moon (Record no. 13692)

MARC details
000 -LEADER
fixed length control field 00740nam a2200229Ia 4500
003 - CONTROL NUMBER IDENTIFIER
control field IN-BaIIA
008 - FIXED-LENGTH DATA ELEMENTS--GENERAL INFORMATION
fixed length control field 211028s9999 xx 000 0 eng d
020 ## - INTERNATIONAL STANDARD BOOK NUMBER
International Standard Book Number 1-85233-099-6
040 ## - CATALOGING SOURCE
Transcribing agency IIA Library
080 ## - UNIVERSAL DECIMAL CLASSIFICATION NUMBER
Universal Decimal Classification number 523.34
Item number HAR
100 ## - MAIN ENTRY--PERSONAL NAME
Personal name Harland, D M
9 (RLIN) 24054
245 #0 - TITLE STATEMENT
Title Exploring the moon
Remainder of title the Apollo expeditions
Statement of responsibility, etc. D. M. Harland
260 ## - PUBLICATION, DISTRIBUTION, ETC.
Place of publication, distribution, etc. London
Name of publisher, distributor, etc. Springer-Verlag
Date of publication, distribution, etc. 1999
300 ## - PHYSICAL DESCRIPTION
Extent xxxi, 411p.
490 ## - SERIES STATEMENT
Series statement Springer - Praxis series in space science and technology
650 ## - SUBJECT ADDED ENTRY--TOPICAL TERM
Topical term or geographic name entry element Lune
9 (RLIN) 24055
650 ## - SUBJECT ADDED ENTRY--TOPICAL TERM
Topical term or geographic name entry element Moon - exploration
650 ## - SUBJECT ADDED ENTRY--TOPICAL TERM
Topical term or geographic name entry element Project Apollo (U.S.) - history
9 (RLIN) 24056
650 ## - SUBJECT ADDED ENTRY--TOPICAL TERM
Topical term or geographic name entry element Space flight to the moon
9 (RLIN) 24057
650 ## - SUBJECT ADDED ENTRY--TOPICAL TERM
Topical term or geographic name entry element Vol spatial
9 (RLIN) 24058
942 ## - ADDED ENTRY ELEMENTS (KOHA)
Koha item type Books
Holdings
Withdrawn status Lost status Damaged status Not for loan Home library Current library Shelving location Date acquired Source of acquisition Cost, normal purchase price Total Checkouts Full call number Barcode Date last seen Cost, replacement price Price effective from Koha item type Purchase Price
        IIA Library-Bangalore IIA Library-Bangalore General Stacks 31/08/2000 EDS 1309.80   523.34/ HAR 14611 05/11/2021 1309.80 31/08/2000 Books Rs. 1309.80

Powered by Koha